00769 2200253 4500001002100000005001500021035002000036007000300056008004100059020001800100082001000118084001600128100004400144245009200188250001200280300004300292650001600335650001900351264005800370336002100428337003000449338002300479990001300502INLIS00000000112164520251105101657 a0010-1125000002ta251105 0 ind  a9789671663738 a297.5 a297.5 MOH g0 aMohd Khairul Naim Che NordinePengarang1 aGagasan Etika Global Hans Kung Menurut Perspektif Islam /cMohd Khairul Naim Che Nordin aEdisi 1 axi, 449 halaman :billustrasi ;c22 cm 4aEtika Islam 4aIslamic ethics aKuala Lumpur :bPertubuhan Pendidikan Futuwwah,c2022 2rdacontentaTeks 2rdamediaaTanpa Perantara 2rdacarrieravolume a25/00186